Les magistratures romaines au IIIe siècle avant J.-C. - Statistiques

Statistiques générales
  • Ce quiz a été pris 18 fois
  • Le résultat moyen est 4 sur 7
Statistiques - réponses
Activité Magistrature % Correct
Finance Questeur
91%
Souverain Consul
82%
Juridique Prêteur
73%
Recensement Censeur
64%
Résoudre une crise Dictature
36%
Maintient de l'ordre public Ediles
36%
Pouvoir d'intercession Tribuns de la plèbe
18%
Aucun quiz correspondant
Distribution des résultats
% des personnes avec chaque résultat
Percentile par nombre de réponses
Votre historique - résultats
Vous n’avez pas pris ce quiz